Žilina Farský kostol

Zobrazenie: Pohľad v bielom orámovaní na balustrády vpravo pred farským Kostolom Najvätejšej Trojice s Burianovou vežou, v popredí s farskými schodami. Vľavo v pozadí sú poschodové budovy. Pod balustrádami vidno čerstvo upravený park. Vpravo v popredí je prázdna ulica

Bibliographic Details
Format: Photo
Language:Slovak
PhysicalDescription:1 pohľadnica tónovaná do hneda 14 x 10 cm
Published: Žilina S. Glasel [1927?]
Subjects:

MARC

LEADER 00000nkm a2200000 a 4500
001 vtls011983130
003 SK-MaSNL
005 20260302093723.0
007 kf ao
008 231120q1927 xo g kuslo
015 |a SNBG1927 
035 |a urn:nbn:sk:snk-km00eikz 
035 |a urn:nbn:sk:snk-km45ww4 
035 |a 96DC8211-0BFC-478B-AE70-736F6C4C3E34 
040 |a SNK  |b slo  |c SNK  |e AACR2 
041 0 |a slo 
043 |a e-xo--- 
044 |a xo  |c SK 
072 7 |a 913  |x Regionálna geografia  |2 konspekt 
080 |a 913(437.6)  |2 2011 
080 |a 725.962  |2 2011 
080 |a (084.121)  |2 2011 
080 |a 726:27-523.42  |2 2011 
080 |a 725/726.012.28  |2 2011 
080 |a 712.253  |2 2011 
080 |a 692.6  |2 2011 
245 0 0 |a Žilina  |h grafika  |b Farský kostol 
260 |a Žilina  |b S. Glasel  |c [1927?] 
300 |a 1 pohľadnica  |b tónovaná do hneda  |c 14 x 10 cm 
520 8 |a Zobrazenie: Pohľad v bielom orámovaní na balustrády vpravo pred farským Kostolom Najvätejšej Trojice s Burianovou vežou, v popredí s farskými schodami. Vľavo v pozadí sú poschodové budovy. Pod balustrádami vidno čerstvo upravený park. Vpravo v popredí je prázdna ulica 
610 2 7 |a Katedrála Najsvätejšej Trojice (Žilina, Slovensko)  |2 SNKKA  |9 198612 
650 0 7 |a balustrády  |2 SNKPH  |9 197792 
650 0 7 |a kostoly  |2 SNKPH  |9 3023 
650 0 7 |a veže  |2 SNKPH  |9 30797 
650 0 7 |a parky  |2 SNKPH  |9 2942 
650 0 7 |a schodištia  |2 SNKPH  |9 69747 
650 0 7 |a Burianova veža (Žilina, Slovensko)  |2 SNKPH  |9 157561 
651 7 |a Žilina (Slovensko)  |2 SNKPHgeo  |9 28812 
655 7 |a miestne pohľadnice  |2 SNKPH  |9 70510 
852 |a Slovenská národná knižnica 
954 |a pohľadnice pôvodné (slovenské)  |2 lita 
958 |a GC 
958 |a GBN 
958 |a OND 
958 |a EUIPO 
999 |c 1210121  |d 1212051 
952 |a SNK  |b SNK  |y PREZ  |7 0  |p 17A1411742  |o snkSP 110337  |z Pohľadnica prešla poštou.  |0 0  |1 0  |4 0  |d 2020-07-21  |f 1  |l 0  |r 2026-02-24 23:10:20  |w 2026-02-24